Волинські однодумці реформатора Ігнація Сцібор Мархоцького (Запис № 576643)

МАРК-запис
000 -Лідер
fixed length control field 00860naa a2200205 4500
001 - Контрольний номер
control field 2162214035925079
003 - Ідентифікатор контрольного номера
control field UA-OsUOA
005 - Дата та час останнього входження (трансакції)
control field 20240626101522.0
008 - Елементи даних фіксованої довжини – загальна інформація
fixed length control field 240626b un ||||| |||| 00| 0 ukr d
040 ## - Джерело каталогізації
Агенція оригінальної каталогізації UA-OsUOA
Мова каталогізації ukr
Агенція, яка здійснювала перезапис UA-OsUOA
Агенція, яка здійснювала модифікацію UA-OsUOA
041 ## - Код мови
Код мови тексту/ звукової доріжки чи окремого заголовка (П) ukr
080 ## - Індекс Універсальної десяткової класифікації
Індекс Універсальної десяткової класифікації (УДК) (НП) 908
090 ## - Локальний шифр розміщення
Класифікаційний індекс УДК 908
100 ## - Основне введення – ім’я особи
Ім’я особи (НП) Захар'єв В. А.
9 (RLIN) 3417
245 ## - Відомості про назву
Назва (НП) Волинські однодумці реформатора Ігнація Сцібор Мархоцького
Дані про відповідальність (НП) В. А. Захар'єв
300 ## - Фізичний опис
Обсяг С. 260–267
650 ## - Додаткове предметне введення – тематичний термін
Джерело заголовка чи терміна UDC
773 0# - Введення хост-одиниці (П)
Бібліонома 573674
Host Itemnumber 472530
Заголовок основного введення Старокостянтинівська міська рада
Місце, видавець та дата видання (НП) Старокостянтинів Мельник А. А. 2019
Інший ідентифікатор одиниці опису 167415
Назва (НП) Старокостянтинівщина та національно-визвольні змагання
Міжнародний стандартний книжковий номер (ISBN) 9786177600502
942 ## - Додаткові елементи входу (Коха)
Source of classification or shelving scheme Universal Decimal Classification
Тип елемента Koha Складова частина документа

Немає доступних примірників.